The ultimate home and property maintenance manual / (Record no. 548276)
[ view plain ]
| 000 -LEADER | |
|---|---|
| fixed length control field | 00748cam a22002054a 4500 |
| 020 ## - INTERNATIONAL STANDARD BOOK NUMBER | |
| International Standard Book Number | 0071439307 |
| 082 00 - DEWEY DECIMAL CLASSIFICATION NUMBER | |
| Classification number | 643/.7 |
| Author Mark | BEC |
| -- | N/L-01, P-100 |
| 100 1# - MAIN ENTRY--PERSONAL NAME | |
| Personal name | Beck, Joe, |
| 9 (RLIN) | 44503 |
| 245 14 - TITLE STATEMENT | |
| Title | The ultimate home and property maintenance manual / |
| Statement of responsibility, etc. | Joe Beck. |
| 260 ## - PUBLICATION, DISTRIBUTION, ETC. | |
| Place of publication, distribution, etc. | New York : |
| Name of publisher, distributor, etc. | McGraw-Hill, |
| Date of publication, distribution, etc. | 2005. |
| 300 ## - PHYSICAL DESCRIPTION | |
| Extent | xi, 350 p. : |
| Other physical details | ill. ; |
| Dimensions | 24 cm. |
| 500 ## - GENERAL NOTE | |
| General note | Includes index. |
| 526 ## - STUDY PROGRAM INFORMATION NOTE | |
| Program name | 0 |
| Interest level | 0 |
| Reading level | 0 |
| Title point value | 643_700000000000000_BEC |
| 650 #0 - SUBJECT ADDED ENTRY--TOPICAL TERM | |
| Topical term or geographic name entry element | Dwellings |
| General subdivision | Maintenance and repair |
| 9 (RLIN) | 44504 |
| 650 #0 - SUBJECT ADDED ENTRY--TOPICAL TERM | |
| Topical term or geographic name entry element | MCE |
| 9 (RLIN) | 379 |
| 856 41 - ELECTRONIC LOCATION AND ACCESS | |
| Uniform Resource Identifier | <a href="http://www.loc.gov/catdir/toc/mh051/2004058166.html">http://www.loc.gov/catdir/toc/mh051/2004058166.html</a> |
| 856 42 - ELECTRONIC LOCATION AND ACCESS | |
| Uniform Resource Identifier | <a href="http://www.loc.gov/catdir/enhancements/fy0618/2004058166-b.html">http://www.loc.gov/catdir/enhancements/fy0618/2004058166-b.html</a> |
| 856 42 - ELECTRONIC LOCATION AND ACCESS | |
| Uniform Resource Identifier | <a href="http://www.loc.gov/catdir/enhancements/fy0704/2004058166-d.html">http://www.loc.gov/catdir/enhancements/fy0704/2004058166-d.html</a> |
| 942 ## - ADDED ENTRY ELEMENTS (KOHA) | |
| Source of classification or shelving scheme | |
| Koha item type | Book |
| Withdrawn status | Lost status | Source of classification or shelving scheme | Damaged status | Not for loan | Permanent Location | Current Location | Date acquired | Total Checkouts | Full call number | Barcode | Date last seen | Price effective from | Koha item type |
|---|---|---|---|---|---|---|---|---|---|---|---|---|---|
| Military College of Engineering (MCE) | Military College of Engineering (MCE) | 08/26/2014 | 643/.7 BEC | MCE-36668 | 08/26/2014 | 08/26/2014 | Book |
